000 00773nam a22002057a 4500
999 _c1856
_d1856
003 AR-CdUCM
008 190228b ||||| |||| 00| 0 spa d
040 _aMUNICIPALIDAD PROVINCIAL DEL CUSCO
_cBIBLIOTECA MUNICIPAL DEL CUSCO
082 _a301 /
_bG94
100 _aGurvitch, Georges
_96800
245 _aTratado de la sociología /
260 _aArgentina :
_bEdit. Kapelusz SA,
_c1663.
300 _a543 paginas ;
_c23 cm.
505 _aProblemas a la sociología política --Sociología de las obras de civilización, sus ramas principales --Sociología de las obras de civilización. Sus ramas principales ...
650 _aSociologia
_9276
650 _aPolitica
_9291
650 _aRegímenes políticos
_96801
942 _2ddc
_cLIBROS
945 _arjall
_d2019-02-28